000 00785cab a2200193 4500
001 L136736
008 070220n2007 000 0 eng u
035 _a(Sirsi) u136736
041 0 _aeng
100 1 _aFrancis, Andrew
245 0 0 _aConstruing covenant chaos
260 _c2007
490 0 0 _aNew Law Journal
_v157(7259) 9 February 2007, 206-207(2)
520 _aLooks at the construction of freehold restrictive covenants asking whose consent is required, and how the use of different words causes problems of interpretation. Argues that court decisions have created more uncertainty and provides practical answers and an approach to construction.
590 _aKA
651 4 _aEngland and Wales
_y1543-
690 _aPROPERTY-PROPERTY ACQUISITION AND DISPOSAL
942 _n0
999 _c78425
_d78425